Statystyki dla Skład Brighton w Premier League 2023/24

Kliknij tutaj aby rozwiązać quiz!

Ogólne statystyki

  • Ten quiz został rozwiązany 31 razy
  • Średni wynik to 10 z 29

Statystyki odpowiedzi

NumerZawodnik% Poprawnych
22Kaoru Mitoma
84%
5Lewis Dunk
79%
18Danny Welbeck
68%
15Jakub Moder
63%
13Pascal Gross
63%
30Pervis Estupinan
63%
6James Milner
53%
9Joao Pedro
53%
1Bart Verbruggen
47%
28Evan Ferguson
47%
23Jason Steele
47%
11Julio Enciso
42%
8Mahmoud Dahoud
42%
7Solly March
42%
34Joel Veltman
37%
2Tariq Lamptey
32%
14Adam Lallana
26%
40Facundo Bounanotte
26%
24Simon Adingra
26%
4Adam Webster
21%
27Billy Gilmour
21%
29Jan Paul van Hecke
21%
3Igor Julio
16%
17Steven Alzate
5%
38Tom McGill
5%
19Andi Zeqiri
0%
49Andy Moran
0%
37Jensen Weir
0%
26Yasin Ayari
0%

Rozkład punktacji

Percentyl według liczby udzielonych odpowiedzi

Procent ludzi z każdym wynikiem

Twoja historia wyników

Nie rozwiązałeś tego quizu